h1

h2

h3

h4

h5
h6
000238662 001__ 238662
000238662 005__ 20251217074907.0
000238662 0247_ $$2HSB$$a999910321834
000238662 0247_ $$2ISSN$$a1868-5196
000238662 0247_ $$2ISSN$$a2747-3309
000238662 0247_ $$2datacite_doi$$a10.18154/RWTH-CONV-087335
000238662 037__ $$aRWTH-CONV-087335
000238662 041__ $$aGerman
000238662 082__ $$a720
000238662 1001_ $$0P:(DE-82)IDM00799$$aSelle, Klaus$$b0$$urwth
000238662 245__ $$ares:publica? Bürgerinnen und Bürger als Akteure der Stadtentwicklung (Notizen für den Oberbürgermeister - Stichworte aus der Schlussdiskussion)$$honline
000238662 260__ $$aAachen$$bRWTH$$c2011
000238662 260__ $$c2016
000238662 3367_ $$00$$2EndNote$$aJournal Article
000238662 3367_ $$0PUB:(DE-HGF)16$$2PUB:(DE-HGF)$$aJournal Article$$bjournal$$mjournal
000238662 3367_ $$2BibTeX$$aARTICLE
000238662 3367_ $$2DRIVER$$aarticle
000238662 3367_ $$2DataCite$$aOutput Types/Journal article
000238662 3367_ $$2ORCID$$aJOURNAL_ARTICLE
000238662 500__ $$aZweitveröffentlicht auf dem Publikationsserver der RWTH Aachen University 2016
000238662 591__ $$aGermany
000238662 653_7 $$2ger$$aStadtentwicklung
000238662 653_7 $$aArchitektur
000238662 773__ $$0PERI:(DE-600)3051889-1$$n3$$p3$$tPlanung neu denken online$$v2011$$x1868-5196
000238662 7870_ $$0RWTH-2017-02435$$iHasPart
000238662 8564_ $$uhttp://www.planung-neu-denken.de/images/stories/pnd/dokumente/3_2011/schlussdiskussion.pdf$$yinactive 2020-12-08
000238662 8564_ $$uhttps://publications.rwth-aachen.de/record/238662/files/2011_schlussdiskussion.pdf$$yOpenAccess
000238662 8564_ $$uhttps://publications.rwth-aachen.de/record/238662/files/2011_schlussdiskussion.gif?subformat=icon$$xicon$$yOpenAccess
000238662 8564_ $$uhttps://publications.rwth-aachen.de/record/238662/files/2011_schlussdiskussion.jpg?subformat=icon-180$$xicon-180$$yOpenAccess
000238662 8564_ $$uhttps://publications.rwth-aachen.de/record/238662/files/2011_schlussdiskussion.jpg?subformat=icon-700$$xicon-700$$yOpenAccess
000238662 8564_ $$uhttps://publications.rwth-aachen.de/record/238662/files/2011_schlussdiskussion.pdf?subformat=pdfa$$xpdfa$$yOpenAccess
000238662 909CO $$ooai:publications.rwth-aachen.de:238662$$popenaire$$popen_access$$pdriver$$pdnbdelivery$$qVDB
000238662 9141_ $$y2011
000238662 915__ $$0StatID:(DE-HGF)0510$$2StatID$$aOpenAccess
000238662 9201_ $$0I:(DE-82)212110_20140620$$k212110$$lLehrstuhl für Planungstheorie und Stadtentwicklung$$x0
000238662 961__ $$c2013-11-29$$x2013-11-28$$z2012-02-20
000238662 970__ $$ahsb999910321834
000238662 9801_ $$aFullTexts
000238662 980__ $$aConvertedRecord
000238662 980__ $$aI:(DE-82)212110_20140620
000238662 980__ $$aUNRESTRICTED
000238662 980__ $$aVDBINPRINT
000238662 980__ $$ajournal